[Event "SWE-ch U20"]
[Site "Gothenburg"]
[Date "2006.07.11"]
[Round "10"]
[White "Centerstrom, Linus"]
[Black "Nithander, Victor"]
[Result "0-1"]
[WhiteElo "1853"]
[BlackElo "2406"]
[PlyCount "120"]
[EventDate "2006.07.01"]
[EventType "tourn"]
[EventRounds "13"]
[EventCountry "SWE"]
[SourceTitle "EXT 2008"]
[Source "ChessBase"]
[SourceDate "2007.11.25"]
[SourceVersion "1"]
[SourceVersionDate "2007.11.25"]
[SourceQuality "1"]

1. e4 g6 2. d4 Bg7 3. Nc3 d6 4. f4 a6 5. Nf3 b5 6. Bd3 Nd7 7. e5 c5 8. Ng5 Nh6 9. Be4 Rb8 10. e6 Nf6 11. Bc6+ Kf8 12. dxc5 fxe6 13. Bf3 Nf5 14. 0-0 h6 15. Nge4 b4 16. Ne2 Bb7 17. Nxf6 Bxf3 18. Rxf3 Bxf6 19. g4 Nh4 20. Rd3 Qc7 21. cxd6 exd6 22. Rg3 Kf7 23. c3 Qc6 24. Nd4 Qd5 25. Be3 bxc3 26. bxc3 Rb2 27. Nf3 Nxf3+ 28. Qxf3 Qxf3 29. Rxf3 Rc8 30. f5 Rxc3 31. fxg6+ Kg7 32. Bxh6+ Kxg6 33. Rxc3 Bxc3 34. Bf4 Bd4+ 35. Kh1 e5 36. Rd1 Rxa2 37. h4 Ra4 38. h5+ Kh7 39. Bg3 Bc5 40. Rc1 Rxg4 41. Bxe5 a5 42. Bh2 Rh4 43. Kg2 Rxh5 44. Rd1 Rh6 45. Bf4 Rf6 46. Kf3 Kg6 47. Ke4 Kf7 48. Bd2 a4 49. Bc3 Rh6 50. Kd5 Rh5+ 51. Kc4 Ke6 52. Re1+ Kd7 53. Ra1 a3 54. Ra2 Kc6 55. Rg2 Rh4+ 56. Kb3 Rh3 57. Kc2 Kb5 58. Rg4 d5 59. Rf4 Bd6 60. Rd4 Rxc3+ 0-1

[Event "SWE-ch U20"]
[Site "Gothenburg"]
[Date "2006.07.09"]
[Round "8"]
[White "Centerstrom, Linus"]
[Black "De Verdier, Michael Carl Adam"]
[Result "0-1"]
[WhiteElo "1853"]
[BlackElo "2132"]
[PlyCount "86"]
[EventDate "2006.07.01"]
[EventType "tourn"]
[EventRounds "13"]
[EventCountry "SWE"]
[SourceTitle "EXT 2008"]
[Source "ChessBase"]
[SourceDate "2007.11.25"]
[SourceVersion "1"]
[SourceVersionDate "2007.11.25"]
[SourceQuality "1"]

1. e4 e6 2. d4 d5 3. Nd2 Be7 4. Ngf3 Nf6 5. e5 Nfd7 6. Bd3 c5 7. c3 Nc6 8. 0-0 g5 9. dxc5 g4 10. Nd4 Ndxe5 11. Be2 h5 12. b4 Bf6 13. Nb5 Ng6 14. Rb1 Be5 15. Nb3 a6 16. N5d4 Qc7 17. g3 h4 18. Kg2 hxg3 19. hxg3 f5 20. Rh1 Qg7 21. Rxh8+ Qxh8 22. Qh1 Bd7 23. Qxh8+ Bxh8 24. Nxc6 Bxc6 25. Nd4 Bxd4 26. cxd4 Bb5 27. Bd1 Kd7 28. Bc2 Be2 29. Be3 Rh8 30. Bd1 Bd3 31. Rb2 e5 32. Rd2 Be4+ 33. f3 gxf3+ 34. Bxf3 f4 35. Bxe4 fxe3 36. Bf5+ Kc6 37. Rd3 Ne7 38. Bg4 Rg8 39. Bh3 exd4 40. Rxd4 Rf8 41. Rf4 Rxf4 42. gxf4 Ng6 43. Kf3 e2 0-1

[Event "SWE-ch U20"]
[Site "Gothenburg"]
[Date "2006.07.04"]
[Round "4"]
[White "Vas, Peter1111"]
[Black "Centerstrom, Linus"]
[Result "1/2-1/2"]
[WhiteElo "2202"]
[BlackElo "1853"]
[PlyCount "168"]
[EventDate "2006.07.01"]
[EventType "tourn"]
[EventRounds "13"]
[EventCountry "SWE"]
[SourceTitle "EXT 2008"]
[Source "ChessBase"]
[SourceDate "2007.11.25"]
[SourceVersion "1"]
[SourceVersionDate "2007.11.25"]
[SourceQuality "1"]

1. e4 c5 2. Nf3 d6 3. d4 cxd4 4. Nxd4 Nf6 5. f3 g6 6. c4 Bg7 7. Be3 Nc6 8. Qd2 0-0 9. Nc3 Bd7 10. Be2 Rc8 11. 0-0 a6 12. Rac1 Ne5 13. b3 Ne8 14. Nc2 Nc7 15. Bb6 Bc6 16. Nb4 Nd7 17. Be3 Ne6 18. Nbd5 f5 19. Kh1 Kh8 20. Rfe1 fxe4 21. Nxe4 Ne5 22. f4 Nd7 23. Bg4 Bxd5 24. cxd5 Rxc1 25. Rxc1 Nec5 26. Ng5 h6 27. Ne6 Nxe6 28. Bxe6 Nc5 29. Bh3 a5 30. Bxc5 dxc5 31. Rxc5 Qd6 32. Rc4 e5 33. Qxa5 exf4 34. Qd2 f3 35. gxf3 Rxf3 36. Bg2 Rf7 37. Qe2 Qf6 38. Rc1 Qd4 39. Qe8+ Rf8 40. Qxg6 Qb2 41. Rg1 Qf6 42. Qe4 Qe5 43. Qg4 b6 44. Rd1 Rd8 45. Be4 Re8 46. Bc2 Qc3 47. Qf5 Re1+ 48. Rxe1 Qxe1+ 49. Kg2 Qd2+ 50. Kf3 Qc3+ 51. Kg4 Kg8 52. Kh5 Qe5 53. Kg4 Qxh2 54. Qe6+ Kf8 55. Qc8+ Ke7 56. Qe6+ Kf8 57. Qc8+ Ke7 58. Qe6+ Kf8 59. Qf5+ Ke7 60. Qe6+ Kf8 61. Be4 h5+ 62. Kg5 Qe5+ 63. Qxe5 Bxe5 64. Kf5 Bg3 65. Ke6 Ke8 66. Bg6+ Kd8 67. Bxh5 Kc7 68. a4 Bd6 69. Kf5 Bc5 70. Ke5 Bb4 71. Kd4 Kd6 72. Kc4 Bc5 73. Bf3 Bf2 74. Kb5 Be3 75. Ka6 Kc5 76. Kb7 Bf4 77. Be4 Bg3 78. Kc8 Kb4 79. Bc2 Kc5 80. Kb7 Bf2 81. Be4 Bg3 82. Kc8 Kb4 83. Bc2 Kc5 84. Kb7 Bf2 1/2-1/2

[Event "SWE-ch U20"]
[Site "Gothenburg"]
[Date "2006.07.02"]
[Round "2"]
[White "Smith, Axel"]
[Black "Centerstrom, Linus"]
[Result "1-0"]
[WhiteElo "2308"]
[BlackElo "1853"]
[PlyCount "119"]
[EventDate "2006.07.01"]
[EventType "tourn"]
[EventRounds "13"]
[EventCountry "SWE"]
[SourceTitle "EXT 2008"]
[Source "ChessBase"]
[SourceDate "2007.11.25"]
[SourceVersion "1"]
[SourceVersionDate "2007.11.25"]
[SourceQuality "1"]

1. e4 c5 2. Nf3 d6 3. d4 Nf6 4. Nc3 cxd4 5. Nxd4 g6 6. Be3 Bg7 7. f3 Nc6 8. Qd2 0-0 9. Bc4 Bd7 10. 0-0-0 Qa5 11. Bb3 Ne5 12. g4 Rfc8 13. h4 b5 14. h5 Nc4 15. Bxc4 bxc4 16. Bh6 Bh8 17. Nf5 Bxf5 18. gxf5 Rab8 19. hxg6 fxg6 20. e5 dxe5 21. fxg6 hxg6 22. Qg2 Kf7 23. Rhg1 Rg8 24. Bd2 Qb4 25. b3 Qa3+ 26. Kb1 cxb3 27. cxb3 a5 28. Bc1 Qb4 29. Bb2 g5 30. Qd2 Qf4 31. Qe2 Rbd8 32. Ne4 Nxe4 33. fxe4 Bf6 34. Bc3 Rxd1+ 35. Rxd1 Rh8 36. Rf1 Qh2 37. Rf2 Qg3 38. Bxa5 Rh1+ 39. Kb2 Qg1 40. Qc4+ Kg7 41. Rd2 Rh2 42. Rxh2 Qxh2+ 43. Qc2 Qh3 44. a4 Qe3 45. Bb4 Qd4+ 46. Bc3 Qe3 47. Bb4 Qd4+ 48. Bc3 Qe3 49. Qg2 e6 50. a5 Kf7 51. a6 Be7 52. Bxe5 Qc5 53. Qf1+ Kg6 54. Bc3 Qa3+ 55. Kc2 g4 56. Qc4 Kf7 57. Qa4 Qxa4 58. bxa4 Bc5 59. Be5 Ba7 60. Kd3 1-0